Sveriges världsarv - Statistics

General Stats
  • This quiz has been taken 2 times
  • The average score is 7 of 15
Answer Stats
Län Världsarv % Correct
Gotlands län Hansestaden Visby
100%
Stockholms län Birka och Hovgården
50%
Stockholms län Drottningholms slott
50%
Dalarnas län Falun och Kopparbergslagen
50%
Norrbottens län Gammelstads kyrkstad
50%
Gävleborgs län Hälsingegårdar
50%
Västernorrlands län Höga kusten / Kvarkens skärgård
50%
Norrbottens län Laponia
50%
Blekinge län Örlogsstaden Karlskrona
50%
Hallands län Radiostationen i Grimeton
50%
Stockholms län Skogskyrkogården
50%
Kalmars län Södra Ölands odlingslandskap
50%
Norrbottens län Struves meridianbåge
50%
Västmanlands län Engelsbergs bruk
0%
Västra Götalands län Hällristningsområdet i Tanum
0%
No matching quizzes found
Score Distribution
Percent of People with Each Score
Percentile by Number Answered
Your Score History
You have not taken this quiz